Top 5 Songs On Stillmatic (Nas) - Statistics

General Stats
  • This quiz has been taken 4 times
  • The average score is 3 of 5
Answer Stats
Hint Answer % Correct
33,890,643 Ether
100%
7,367,469 2nd Childhood
50%
21,801,464 Got Ur Self A Gun
50%
24,264,820 One Mic
50%
6,677,012 You're da Man
25%
No matching quizzes found
Score Distribution
Percent of People with Each Score
Percentile by Number Answered
Your Score History
You have not taken this quiz